00552nam a22001697a 450000500170000001000170001702000260003403500170006003700270007708200080010410000230011224501250013526000390026027000500029930000200034950000130036920180416105056.0 aB-690790-791 a9788180423444c400.00 aB-690790-791 bModern Pub. Houseadpl a921 aAnand, Vidya Sagar aMahatma Gandhi his spiritual successor : cby Vidya Sagar Anand ; edited by Rajinder Kaur LotaybAcharya Vinoba Bhave /  aNew DelhibModern Pub. Housec2016 a9, Gole Market, Daryaganj,bNew Delhie110002 a176p.c23cm(Hb) aBalidani